000 00593nam a2200229Ia 4500
003 OSt
005 20221007115744.0
006 a|||||r|||| 00| 0
007 ta
008 221006b |||||||| |||| 00| 0 eng d
024 _a38,047
037 _cTextual
040 _aLCO
_cLCO
_beng
041 _2eng
_aeng
082 _aX577:545.1:(Z), Q5
100 _aMARCEAU Gabrielle
_9709836
245 0 _aHisotyr of Law and Laeyers in the GATT/WTO
260 _c2015
300 _a655
942 _hX577:545.1:(Z), Q5
_cTEXL
999 _c1207610
_d1207610